000 00351nam a22001457a 4500
003 MACL
005 20190607165431.0
008 190607b xxu||||| |||| 00| 0 eng d
040 _cMACL
100 _aSinghal,Arun
_975279
245 _aGreat Authors & Poets
260 _aNew Delhi
_bVishal Pub.
_c2018
650 _aBiography
_975280
942 _2ddc
_cBK
999 _c60079
_d60079